zpět

Detail výsledku týmu

Mama Shelter - Holešovice, Praha

Datum a čas kvízu

33 Celkem bodů Celkový počet nahraných bodů na tomto kvízu bez doplňovacích otázek.
2. Pořadí na kvízu Konečné umístění týmu na tomto kvízu.

Zaznamenané odpovědi

# Otázka Odpověď Body Výsledky
1. Jak se jmenuje kandidát na úst... Pavel Simon 0
2. Paprička jisté odrůdy existuje... Pepper X 0
3. Ve čtvrtek mělo premiéru ameri... Martin Scorsese 1
4. Německý národní dopravce Deuts... Arriva 1
5. O víkendu padl v české nejvyšš... Zlín, Mladá Boleslav 0.5
6. V tomto tématu zabrousíme do č... Jana Nerudu 0
7. Drama Nabarvené ptáče z roku 2... Václav Marhoul 1
8. V srpnu 2023 přišel do kin fil... Nikdy neříkej nikdy 1
9. Pod českoněmecký film Pták ohn... Václav Vorlíček, Miloš Macourek 1
10. Ptakopysk sice není pták, ale... Nejistá sezona 1